Biblioteca

El matrimonio como señal (Registro nro. 52217)

Detalles MARC
000 -LÍDER
Campo fijo de descripción fija 01096aab a2200205 i 4500
001 - NÚMERO DE CONTROL
Campo de control 768714001
003 - IDENTIFICADOR DEL NÚMERO DE CONTROL
Campo de control CO-MdFUSB
005 - FECHA Y HORA DE LA ULTIMA TRANSACCIÓN
control field 20240422123441.0
008 - ELEMENTOS DE LONGITUD FIJA -- INFORMACIÓN GENERAL
Campo fijo de descripción fija -- Información general 221015s1996 ag ||||| |||| 00| 0 spa d
040 ## - FUENTE DE CATALOGACIÓN
Idioma de catalogación spa
Agencia que realiza la transcripción CO-MdFUSB
Agencia que realiza la modificación CO-MdFUSB
041 ## - CÓDIGO DE IDIOMA
Código de idioma para texto/pista de sonido o título separado spa
100 1# - ASIENTO PRINCIPAL--NOMBRE PERSONAL
Nombre personal Camargo López, Jesús
Término relacionador autor
245 13 - TÍTULO
Título El matrimonio como señal
Mención de responsabilidad / Jesús Camargo López , Carmen Pérez de Camargo
300 ## - DESCRIPCIÓN FÍSICA
Extensión Volumen 15, número 4 (octubre - diciembre, 1996) páginas: 17 - 19
Dimensiones ; 27 cm
520 ## - NOTA DE RESUMEN, ETC.
Nota de sumario, etc. La pareja que vive unida y amándose mutuamente anuncia a otros, con su propia experiencia, la realidad del amor de Dios.<br/>Lo mínimo que el marido está invitado a hacer es amar a su mujer como se ama a sí mismo, ya que es un solo cuerpo con ella.<br/>Para amar a otros es necesario amarse a sí misma. Para sujetarse a otros es necesarios despojarse del papel de víctima.
650 #7 - ASIENTO SECUNDARIO DE MATERIA - TERMINO TEMÁTICO
9 (RLIN) 300
Término temático o nombre geográfico como elemento de entrada Matrimonio
700 1# - ENTR. SECUNDARIA - Nombre Personal (R)
Nombre de persona Pérez de Camargo, Carmen
Término indicativo de función autor
773 0# - ASIENTO DE ITEM FUENTE
Título Iglesia y Misión
Biblionumber 49402
Itemnumber 59639
Parte(s) relacionada(s) / Volumen., número. (mes año), páginas Volumen 15, número 4 (octubre - diciembre, 1996) páginas: 17 - 19
Enumeración y primera página página: 17
942 ## - TIPO DE MATERIAL (KOHA)
Tipo de Item KOHA Artículos de Revista

No hay ítems disponibles.

Biblioteca FUSBC | Teléfono: (57+4) 349 88 10 Ext. 141| WhatsApp (+57) 3005338115 
E-mail: biblioteca@unisbc.edu.co | Calle 76 87-14 Robledo Palenque, Medellín, Colombia

Con tecnología Koha